MARC details
| 000 -LEADER |
| fixed length control field |
01392nam a2200433 a 4500 |
| 001 - CONTROL NUMBER |
| control field |
22329 |
| 003 - CONTROL NUMBER IDENTIFIER |
| control field |
VRT |
| 005 - DATE AND TIME OF LATEST TRANSACTION |
| control field |
20260326141118.0 |
| 008 - FIXED-LENGTH DATA ELEMENTS--GENERAL INFORMATION |
| fixed length control field |
070305s2006 xo a j 000 0 slo c |
| 020 ## - INTERNATIONAL STANDARD BOOK NUMBER |
| International Standard Book Number |
8071468290 (viaz.) |
| 035 ## - SYSTEM CONTROL NUMBER |
| System control number |
a000364966 |
| 039 #9 - LEVEL OF BIBLIOGRAPHIC CONTROL AND CODING DETAIL [OBSOLETE] |
| Level of rules in bibliographic description |
202309181150 |
| Level of effort used to assign nonsubject heading access points |
halgasoV |
| Level of effort used to assign subject headings |
202201051314 |
| Level of effort used to assign classification |
teka |
| Level of effort used to assign subject headings |
202001291902 |
| Level of effort used to assign classification |
AUTHORITY |
| Level of effort used to assign subject headings |
200710300825 |
| Level of effort used to assign classification |
teka |
| 040 ## - CATALOGING SOURCE |
| Original cataloging agency |
UKB |
| Language of cataloging |
slo |
| Transcribing agency |
UKB |
| Description conventions |
AACR2 |
| 041 1# - LANGUAGE CODE |
| Language code of text/sound track or separate title |
slo |
| Language code of original |
spa |
| 044 ## - COUNTRY OF PUBLISHING/PRODUCING ENTITY CODE |
| MARC country code |
xo |
| ISO country code |
SK |
| 072 #7 - SUBJECT CATEGORY CODE |
| Subject category code |
821-93 |
| Subject category code subdivision |
Literatúra pre deti a mládež (beletria) |
| Source |
konspekt |
| 072 #7 - SUBJECT CATEGORY CODE |
| Subject category code |
028 |
| Subject category code subdivision |
Čítanie |
| Source |
konspekt |
| 080 ## - UNIVERSAL DECIMAL CLASSIFICATION NUMBER |
| Universal Decimal Classification number |
028.5 |
| Edition identifier |
2011 |
| 080 ## - UNIVERSAL DECIMAL CLASSIFICATION NUMBER |
| Universal Decimal Classification number |
(0:82-34) |
| Edition identifier |
2011 |
| 080 ## - UNIVERSAL DECIMAL CLASSIFICATION NUMBER |
| Universal Decimal Classification number |
821-93 |
| Edition identifier |
2011 |
| 100 1# - MAIN ENTRY--PERSONAL NAME |
| Personal name |
Pogran, Miroslav |
| 245 10 - TITLE STATEMENT |
| Title |
Rozprávkový šlabikár |
| Remainder of title |
o Snehulienke |
| Statement of responsibility, etc. |
[text Miroslav Pogran] |
| 260 ## - PUBLICATION, DISTRIBUTION, ETC. |
| Place of publication, distribution, etc. |
Bratislava |
| Name of publisher, distributor, etc. |
Junior |
| Date of publication, distribution, etc. |
[2006] |
| 300 ## - PHYSICAL DESCRIPTION |
| Extent |
90, [3] s. |
| Other physical details |
il |
| 500 ## - GENERAL NOTE |
| General note |
Pôv. tit. špan |
| 505 0# - FORMATTED CONTENTS NOTE |
| Formatted contents note |
O Snehulienke -- Tri prasiatka -- Kocúr v čižmách -- Pinocchio |
| 650 07 - SUBJECT ADDED ENTRY--TOPICAL TERM |
| Topical term or geographic name entry element |
detské čítanie |
| Source of heading or term |
UKBPH |
| 655 #7 - INDEX TERM--GENRE/FORM |
| Genre/form data or focus term |
publikácie pre deti |
| Source of term |
UKBPH |
| 655 #7 - INDEX TERM--GENRE/FORM |
| Genre/form data or focus term |
rozprávky |
| Source of term |
UKBPH |
| 740 02 - ADDED ENTRY--UNCONTROLLED RELATED/ANALYTICAL TITLE |
| Uncontrolled related/analytical title |
O Snehulienke |
| 740 02 - ADDED ENTRY--UNCONTROLLED RELATED/ANALYTICAL TITLE |
| Uncontrolled related/analytical title |
Tri prasiatka |
| 740 02 - ADDED ENTRY--UNCONTROLLED RELATED/ANALYTICAL TITLE |
| Uncontrolled related/analytical title |
Kocúr v čižmách |
| 740 02 - ADDED ENTRY--UNCONTROLLED RELATED/ANALYTICAL TITLE |
| Uncontrolled related/analytical title |
Pinocchio |
| 765 0# - ORIGINAL LANGUAGE ENTRY |
| Title |
Troquelados clásicos. Slovensky |
| 910 ## - USER-OPTION DATA (OCLC) |
| User-option data |
ukb |
| 942 ## - ADDED ENTRY ELEMENTS (KOHA) |
| Source of classification or shelving scheme |
Dewey Decimal Classification |
| Koha item type |
Krásna literatúra pre deti |
| Suppress in OPAC |
No |
| 949 ## - LOCAL PROCESSING INFORMATION (OCLC) |
| 6 |
1800331447 |
| a |
SK.D.31270 |
| b |
PV.2602-2007 |
| s |
6707:20071112 |
| 949 ## - LOCAL PROCESSING INFORMATION (OCLC) |
| 6 |
1800331448 |
| a |
SL.D.62410 |
| b |
PV.2601-2007 |